Open Data Biblioteca Nacional de Portugal


República Portuguesa: Ministério da Cultura
Biblioteca Nacional de Portugal

Catálogo da BNP: acesso por Identificadores Unívocos
Registos Bibliográficos associados ao registo de autoridade

Etiqueta de registo: 00000nkm 2200025 450
001 2241715
003 http://id.bnportugal.gov.pt/bib/catbnp/2241715
100 ## $a20260106d1988 m y0pory01030103ba
101 0# $apor
102 ## $aPT
200 1# $aV Grande Prova da ACARF$bVisual gráfico]$fAssociação Cultural Artística e Recreativa de Forjães
210 #9 $aForjães$cAssociação Cultural Artística e Recreativa de Forjães,$d1988$eBarcelos :$gComp. Editora do Minho)
215 ## $a1 cartaz$ccolor.$d39,7x29,8 cm
675 ## $a766(=1:469)"198"(084.5)$vBN$zpor$31975187
710 02 $aGrande Prova da ACARF,$d5,$eForjães,$f1988$31997262
712 02 $aAssociação Cultural Artística e Recreativa de Forjães$4557$3239
801 #0 $aPT$bBN$gRPC
966 ## $lBN$mICONOG$sCT. 9035 V.$x1
971 ## $cCaticonografia10$d20260106
995 ## $aPRR2026 $d20260106$iCaticonografia10

OpendataBNP@bnportugal.pt | Mais informação sobre acesso aos dados BNP